| 000 | 01292 a2200385 4500 | ||
|---|---|---|---|
| 003 | OSt | ||
| 005 | 20260430134952.0 | ||
| 008 | 260422b |||||||| |||| 00| 0 eng d | ||
| 020 | _a9788198435330 (hbk) | ||
| 020 | _a9788198435378 (hbk) | ||
| 037 | _cREF | ||
| 040 |
_aCRL _cCRL |
||
| 041 |
_2eng _aeng |
||
| 084 |
_aX:95 R5 (RR) _qCRL |
||
| 084 |
_aX:95 R5 (RR) _qCRL |
||
| 100 |
_aMuthuswami _91235387 |
||
| 245 | _aSwamy's manual | ||
| 246 | _aComplete manual on establishment and admnistration | ||
| 246 | _aManual on disciplinary proceedings | ||
| 250 | _a18th Ed. (2025) | ||
| 250 | _a15th Ed. (2025) | ||
| 260 |
_aChennai, India: _bSwamy Publishers, _c2025. |
||
| 300 | _aviii, 1399p. | ||
| 300 | _axli, 1110p. | ||
| 365 |
_b1850.00 _cINR |
||
| 365 |
_b1400.00 _cINR |
||
| 490 |
_aSwamy's Compilation _aSwamy's Manual _aSwamy's Handbook |
||
| 650 | 0 |
_a Economics _9351406 |
|
| 650 | 0 |
_aEmployment and service _9236902 |
|
| 700 |
_aBrinda _eauthor. _91235303 |
||
| 700 |
_aSanjeev _eauthor. |
||
| 942 |
_cREF _2CC _hX:95 R5 (RR) |
||
| 999 |
_c1679784 _d1679784 |
||